Women in India (Record no. 495826)

000 -LEADER
fixed length control field 00338cam a22001097a 4500
008 - FIXED-LENGTH DATA ELEMENTS--GENERAL INFORMATION
fixed length control field 180718b1988 xxu||||| |||| 00| 0 eng d
082 ## - DEWEY DECIMAL CLASSIFICATION NUMBER
Classification number R16x54 In2wo
245 ## - TITLE STATEMENT
Title Women in India
Statement of responsibility, etc. by Labour Bureau, Ministry of Labour
260 ## - PUBLICATION, DISTRIBUTION, ETC.
Place of publication, distribution, etc. Chandigarh
Name of publisher, distributor, etc. Government of India
Date of publication, distribution, etc. 1988
300 ## - PHYSICAL DESCRIPTION
Extent 39p
700 ## - ADDED ENTRY--PERSONAL NAME
Personal name India. Labour Bureau, Ministry of Labour
Holdings
Withdrawn status Lost status Damaged status Not for loan Permanent Location Current Location Date acquired Full call number Barcode Date last seen Price effective from Koha item type
        Indian Institute of Public Administration Indian Institute of Public Administration 2018-08-04 R16x54 In2wo GG20955 2018-08-04 2018-08-04 GG

Powered by Koha